| 000 | 00977nam a2200265 a 4500 | ||
|---|---|---|---|
| 001 | 000023035 | ||
| 005 | 20200930021938.0 | ||
| 008 | 101124s1973 mx c r 001 0dspa d | ||
| 040 |
_aDO-SdBNP _bspa _cBNPHU |
||
| 041 | 1 | 7 |
_aspa _heng _2Código de idiomas MARC |
| 082 |
_a928.1 _bK29h |
||
| 100 | 1 |
_akeller, Helen, _947395 |
|
| 240 | 1 | 4 |
_aThe story of my life. _lEspañol. |
| 245 | 1 | 3 |
_aLa historia de mi vida / _cHelen Keller ; traducción de Luisa María Álvarez. |
| 260 |
_aMéxico : _bAsociados, _c1973. |
||
| 300 |
_a427 p. : _bretrs. ; _c21 cm. |
||
| 490 | 1 | _aPrecursores | |
| 504 | _aIncluye referencias bibliográficas y notas al pie de las páginas. | ||
| 534 |
_pTítulo original en inglés: _tThe story of my life. _cNew York : Doubleday & Company. |
||
| 600 | 1 | 0 |
_akELLER, HELEN, _d1880-1968 _xAUTOBIOGRAFÍA _947396 |
| 650 | 4 |
_aAutores _zEstados Unidos _947397 |
|
| 700 | 1 |
_aÁlvarez, Luisa María, _etr. _947398 |
|
| 830 | 0 |
_aPrecursores _947399 |
|
| 049 | _aBNGR | ||
| 999 |
_c22532 _d22532 |
||